|
|
|
|
| LEADER |
00000nas a22000007a 4500 |
| 003 |
Ucuenca |
| 005 |
20230308225947.0 |
| 008 |
180522b2017 ec ||||| |||| 00| 0 spa d |
| 022 |
|
|
|a 1390-6895
|
| 022 |
|
|
|a 2477-8982
|
| 040 |
|
|
|b spa
|
| 041 |
1 |
|
|a es
|
| 082 |
0 |
|
|a 630.5
|b U5884t
|
| 110 |
2 |
|
|a Universidad Técnica de Manabí.
|g UTM
|9 19034
|
| 245 |
|
3 |
|a La técnica: revista académica y científica de la Universidad Técnica de Manabí, especializada en agrociencias
|c Universidad Técnica de Manabí, Directora Mara Molina Naranjo
|h imp
|
| 264 |
|
|
|a Portoviejo
|b Universidad Técnica de Manabí
|c 2017
|
| 300 |
|
|
|a 94 páginas:
|b ilu
|c 30. cm
|
| 310 |
|
|
|a seme
|
| 362 |
|
|
|a no.18 (julio-diciembre 2017)
|
| 505 |
|
|
|a Agricultura.-- Agroindustria.-- Producción y salud animal.-- Pesca.-- Protección del medio ambiente.
|
| 650 |
|
0 |
|9 225019
|a Agrociencia
|
| 650 |
|
0 |
|a Boletín de Ciencias Sociales
|9 225022
|
| 650 |
|
0 |
|9 1206
|a Agricultura
|
| 650 |
|
0 |
|9 40009
|a Agroindustria
|
| 856 |
|
|
|u http://www.utm.edu.ec/latecnica/
|
| 942 |
|
|
|c SER
|z pablo.criollo@ucuenca.edu.ec
|
| 999 |
|
|
|c 154687
|d 154687
|